000 00571nam a22002057a 4500
001 00028898
005 20260425093847.0
008 260425b ag ||||| |||| 00| 0 spa d
020 _a8441302308
040 _aAR-CcCEOS
_bspa
_cAR-CcCEOS
041 _aspa
080 _a919.3:7
090 _bNIL v.1
100 1 _aNile, Richard
_91126
245 _aAustralia, Nueva Zelanda y el PacĂ­fico Sur :
_bVolumen I /
_cRichard Nile y Christian Clerk
264 _aBarcelona :
_bFolio,
_c1996.
300 _a95 p. ;
_c24x18 cm.
655 0 _aarte
_9138
942 _2udc
_cBK
_n0
999 _c28943
_d28943